Teología de la liberación en Chile

Enregistré dans:
Détails bibliographiques
Auteur principal: Poradowski, Miguel (Auteur)
Format: Livre
Langue:espagnol
Publié: Santiago s.n 1987
Sujets:
Tags: Ajouter un tag
Pas de tags, Soyez le premier à ajouter un tag!

MARC

LEADER 00000nam a2200000 a 4500
001 UCX7406
003 CL-VaPUC
008 931209e19870000CL |||||||||||||||||spa|d
082 0 4 |a 261.8  |b POR  |2 21 
100 0 |a Poradowski, Miguel  |e author  |9 324236 
245 1 0 |a Teología de la liberación en Chile 
300 |a 31 p 
942 |c BK 
945 |d 19931209 00:00:00  |a aalvarez 
260 |a Santiago  |b s.n  |c 1987 
650 0 |a Teología de la liberación   |9 255471 
583 |a last modification  |c 20120711 10:45:06  |k Rodrigo Vera 
999 |c 227228  |d 227226 
952 |0 0  |1 0  |4 0  |6 261_800000000000000_POR_1987  |7 0  |8 A  |9 226104  |a BIBHIS  |b BIBHIS  |d 2019-11-15  |i 2946637  |l 1  |m 19  |o 261.8 POR 1987  |p 2946637  |q 2025-05-09  |r 2023-01-25  |s 2023-01-20  |w 2019-11-15  |y BK  |k HIS 
952 |0 0  |1 0  |4 0  |6 261_800000000000000_POR_1987  |7 0  |8 A  |9 226105  |a BIBHIS  |b BIBHIS  |d 2019-11-15  |i 2946645  |o 261.8 POR 1987  |p 2946645  |r 2025-01-20  |w 2019-11-15  |y BK  |k HIS 
952 |0 0  |1 0  |4 0  |6 261_800000000000000_POR_1987  |7 0  |8 A  |9 226106  |a BIBEDU  |b BIBEDU  |d 2019-11-15  |i 301441K  |o 261.8 POR 1987  |p 301441K  |r 2019-11-15  |w 2019-11-15  |y BK  |k EDU